[Event "Oberliga Bayern 1213"]
[Site "Bayern"]
[Date "2013.02.03"]
[Round "6.8"]
[White "Schmidt, Anton"]
[Black "Wahl, Markus"]
[Result "1-0"]
[WhiteElo "2087"]
[BlackElo "1861"]
[PlyCount "63"]
[EventDate "2012.10.14"]
[EventType "team-tourn"]
[EventRounds "9"]
[EventCountry "GER"]
[SourceTitle "EXT 2015"]
[Source "ChessBase"]
[SourceDate "2014.11.20"]
[SourceVersion "1"]
[SourceVersionDate "2014.11.20"]
[SourceQuality "1"]
[WhiteTeam "Groebenzell"]
[BlackTeam "Puschendorf"]
[WhiteTeamCountry "GER"]
[BlackTeamCountry "GER"]

1. c4 e5 2. g3 Nc6 3. Nc3 a6 4. Bg2 Bc5 5. e3 d6 6. Nge2 h5 7. h4 Nge7 8. b3 Nf5 9. Bb2 Ba7 10. Nd5 Be6 11. d4 f6 12. Qd2 Kf7 13. Rd1 Rb8 14. Nxc7 Qxc7 15. d5 Bd7 16. dxc6 Bxc6 17. Bd5+ Ke7 18. Nc3 Rbd8 19. Qd3 g6 20. b4 Kf8 21. b5 Bd7 22. Be4 Kg7 23. Nd5 Qa5+ 24. Bc3 Qxa2 25. Ra1 Qb3 26. 0-0 Rc8 27. bxa6 bxa6 28. Rfb1 Qxc4 29. Rb7 Bxe3 30. Rxd7+ Kh6 31. Bxf5 Bxf2+ 32. Kxf2 1-0

[Event "Oberliga Bayern 1112"]
[Site "Bayern"]
[Date "2012.03.18"]
[Round "8.8"]
[White "Schmidt, Anton"]
[Black "Spiesberger, Gerhard"]
[Result "1-0"]
[WhiteElo "2055"]
[BlackElo "2153"]
[PlyCount "87"]
[EventDate "2011.10.02"]
[EventType "team-tourn"]
[EventRounds "9"]
[EventCountry "GER"]
[SourceTitle "EXT 2015"]
[Source "ChessBase"]
[SourceDate "2014.11.20"]
[SourceVersion "1"]
[SourceVersionDate "2014.11.20"]
[SourceQuality "1"]
[WhiteTeam "Groebenzell"]
[BlackTeam "Rottal"]
[WhiteTeamCountry "GER"]
[BlackTeamCountry "GER"]

1. c4 f5 2. g3 Nf6 3. Bg2 e5 4. d4 Bb4+ 5. Bd2 Bxd2+ 6. Qxd2 d6 7. dxe5 dxe5 8. Qxd8+ Kxd8 9. Nc3 c6 10. Nf3 Nbd7 11. 0-0 e4 12. Nd4 Ne5 13. b3 Ke7 14. f3 Rd8 15. Rad1 exf3 16. exf3 Kf8 17. Rfe1 Nf7 18. Na4 Ne8 19. f4 Nc7 20. Nc5 Rb8 21. Rd3 b6 22. Nxc6 Rxd3 23. Nxd3 Rb7 24. Re7 Nd6 25. Re1 Ne6 26. Nde5 Rc7 27. Rd1 Ne4 28. Bxe4 fxe4 29. f5 Bb7 30. Rd6 Bxc6 31. Rxc6 Rxc6 32. Nxc6 Nc5 33. Nxa7 Nd3 34. Nc8 Nc1 35. Nxb6 Nxa2 36. Nd5 Nc1 37. b4 Nd3 38. Kf1 Ke8 39. Ke2 Ne5 40. c5 Kd7 41. Ke3 Ng4+ 42. Kxe4 Nxh2 43. b5 h5 44. f6 1-0